[Event "Canovelles op-A"]
[Site "Canovelles"]
[Date "1999.??.??"]
[Round "3"]
[White "Soler Colomer, Valenti"]
[Black "Casas Saez, Pedro"]
[Result "1-0"]
[WhiteElo "2210"]
[BlackElo "1960"]
[PlyCount "62"]
[EventDate "1999.??.??"]
[EventType "swiss"]
[EventRounds "9"]
[EventCountry "ESP"]
[SourceTitle "EXT 2000"]
[Source "ChessBase"]
[SourceDate "1999.11.16"]
[SourceVersion "1"]
[SourceVersionDate "1999.11.16"]
[SourceQuality "1"]

1. d4 Nf6 2. c4 g6 3. Nc3 Bg7 4. Bg5 d5 5. Bxf6 exf6 6. Nxd5 0-0 7. e3 Nc6 8. Ne2 Be6 9. Nec3 Ne7 10. Nf4 Bd7 11. Be2 c6 12. 0-0 Qc7 13. Rc1 Rfe8 14. Bf3 Bh6 15. Nfe2 Rad8 16. b4 a6 17. Qb3 Ra8 18. Rfd1 Nf5 19. Ne4 Qd8 20. N2g3 Nh4 21. Be2 Nf5 22. d5 cxd5 23. Rxd5 Nxg3 24. Nxg3 Qe7 25. Rd4 f5 26. Bf3 Rab8 27. Rcd1 Be6 28. Bd5 Bg7 29. R4d2 Be5 30. c5 Rbd8 31. Bxe6 Rxd2 1-0